000 00847nam a2200241 a 4500
001 000016703
005 20200929164941.0
008 100309s1942 sp 000 f spa d
040 _aDO-SdBNP
_bspa
_cBNPHU
082 _a863.2
_bG939m, 1942
100 1 _aGuevara, Antonio de,
_d1480-1545
_93922
245 1 0 _aMenosprecio de corte y alabanza de aldea /
_cAntonio de Guevara ; edición y notas de M. Martínez de Burgos.
260 _aMadrid :
_bEspasa-Calpe,
_c1942.
300 _a200 p. ;
_c18 cm.
490 1 _aClásicos castellanos
_v29
504 _aIncluye referencias bibliográficas y notas al pie de las páginas
650 4 _aNovela española
_91123
650 4 _aLiteratura española
_9632
700 1 _aMartínez de Burgos, Matías,
_epról.
_937056
830 0 _aClásicos castellanos ;
_v29
_94180
910 _aWM
049 _aBNGR
999 _c16235
_d16235